[Event "Llinars del Valles op-B 8th"]
[Site "Llinars del Valles"]
[Date "2014.06.21"]
[Round "8"]
[White "Salinas Perez, Alvaro"]
[Black "Morano Diez, Angel"]
[Result "1-0"]
[WhiteElo "1700"]
[BlackElo "1700"]
[PlyCount "51"]
[EventDate "2014.04.26"]
[EventType "swiss"]
[EventRounds "8"]
[EventCountry "ESP"]
[SourceTitle "EXT 2018"]
[Source "ChessBase"]
[SourceDate "2017.10.13"]
[SourceVersion "1"]
[SourceVersionDate "2017.10.13"]
[SourceQuality "1"]

1. d4 Nf6 2. Nf3 Nc6 3. Bf4 d6 4. e3 e5 5. dxe5 dxe5 6. Qxd8+ Nxd8 7. Bxe5 Bf5 8. Bd3 Ne4 9. Nbd2 Bd6 10. Nxe4 Bxe5 11. Nxe5 Rc8 12. Bb5+ c6 13. Bd3 0-0 14. Rd1 b5 15. b3 Re8 16. Nd6 Rxe5 17. Nxc8 a6 18. Nb6 Bg4 19. f3 Rxe3+ 20. Kf2 Bxf3 21. gxf3 Re6 22. Rhe1 h6 23. Rxe6 Nxe6 24. Re1 a5 25. Bf5 Nd4 26. Re8# 1-0

[Event "Llinars del Valles op-B 8th"]
[Site "Llinars del Valles"]
[Date "2014.06.14"]
[Round "7"]
[White "Morano Diez, Angel"]
[Black "Fernandez Ferreira, Alex"]
[Result "0-1"]
[WhiteElo "1700"]
[BlackElo "1700"]
[PlyCount "88"]
[EventDate "2014.04.26"]
[EventType "swiss"]
[EventRounds "8"]
[EventCountry "ESP"]
[SourceTitle "EXT 2015"]
[Source "ChessBase"]
[SourceDate "2014.11.20"]
[SourceVersion "1"]
[SourceVersionDate "2014.11.20"]
[SourceQuality "1"]

1. d4 Nf6 2. Nc3 d5 3. e3 Nc6 4. Nf3 Bg4 5. Be2 e6 6. h3 Bxf3 7. Bxf3 Bd6 8. Qd3 0-0 9. e4 Ne7 10. e5 Nc6 11. exd6 Qxd6 12. Nb5 Nb4 13. Qb3 Qe7 14. g4 c6 15. g5 Nd7 16. Nc7 Rac8 17. Bf4 a5 18. Qa4 g6 19. Qxa5 Nxc2+ 20. Kd1 Nxa1 21. Qa7 e5 22. Re1 Rxc7 23. dxe5 Nc5 24. h4 Nd3 25. Qe3 Nxf4 26. Qxf4 b5 27. h5 Ra7 28. hxg6 fxg6 29. Qg3 Rxa2 30. Kc1 Nb3+ 31. Kb1 Ra1+ 32. Kc2 Rxe1 33. Kxb3 Qe6 34. Bg4 Qxe5 35. f4 Re3+ 36. Kb4 Qxb2+ 37. Kc5 Rxg3 38. Be6+ Kh8 39. Kxc6 Qc3+ 40. Kxd5 Qb3+ 41. Ke5 Re3+ 42. Kd4 Qxe6 43. f5 Rd8+ 44. Kc5 Rc3+ 0-1

[Event "Llinars del Valles op-B 8th"]
[Site "Llinars del Valles"]
[Date "2014.05.03"]
[Round "2"]
[White "Morano Diez, Angel"]
[Black "Feliu Paradeda, Marta"]
[Result "0-1"]
[WhiteElo "1700"]
[BlackElo "1795"]
[PlyCount "68"]
[EventDate "2014.04.26"]
[EventType "swiss"]
[EventRounds "8"]
[EventCountry "ESP"]
[SourceTitle "EXT 2015"]
[Source "ChessBase"]
[SourceDate "2014.11.20"]
[SourceVersion "1"]
[SourceVersionDate "2014.11.20"]
[SourceQuality "1"]

1. d4 d5 2. Nf3 Nf6 3. Nc3 Bf5 4. Bf4 e6 5. e3 a6 6. Bd3 Bxd3 7. Qxd3 c5 8. Ne5 Be7 9. 0-0 0-0 10. Bg5 cxd4 11. exd4 Nbd7 12. Rfe1 Nxe5 13. dxe5 Nd7 14. Qg3 Bxg5 15. b4 Rc8 16. b5 Bd2 17. Na4 Bxe1 18. Rxe1 axb5 19. Nb2 Rxc2 20. Qb3 Qa5 21. Rf1 Rfc8 22. Nd3 R8c3 23. Qb1 Rxa2 24. Rc1 Rxc1+ 25. Qxc1 Ra1 26. g3 Rxc1+ 27. Nxc1 Qa1 28. Kf1 Qxc1+ 29. Ke2 b4 30. g4 Qc3 31. Kd1 b3 32. h4 b2 33. g5 b1R+ 34. Ke2 Re1# 0-1